| 000 | 00721nam a22002057a 4500 | ||
|---|---|---|---|
| 999 |
_c20327 _d20327 |
||
| 003 | AR-CdUCM | ||
| 008 | 190528b ||||| |||| 00| 0 spa d | ||
| 040 |
_aMUNICIPALIDAD PROVINCIAL DEL CUSCO _cBIBLIOTECA MUNICIPAL DEL CUSCO |
||
| 082 |
_a985.0013 / _bC51 |
||
| 100 |
_aChang Rodriguez, Eugenio _942503 |
||
| 245 | _aPoética e ideología en José Carlos Mariátegui / | ||
| 260 |
_aTrujillo : _bNormas legales, _c1986. |
||
| 300 |
_a243 páginas ; _c23 cm. |
||
| 505 | _aContenido : Vida floreciente en el dolor -- La literatura de la edad de piedra -- Influencias literarias iniciales... | ||
| 650 |
_aBiografía _922 |
||
| 650 |
_aHistoria _9136 |
||
| 650 |
_aObras _96865 |
||
| 942 |
_2ddc _cLIBROS |
||
| 945 | _arcc | ||